000 01007nam a2200241Ia 4500
999 _c55482
_d55482
001 22564
003 GE_BSU
005 20190424162325.0
008 181216s||||||||xx |||||||||||||| ||und||
040 _cGE_BSU
041 _ageo
080 _a94 ს-96
100 _aსურგულაძე, კახაბერ
_9475
245 _aციცერონი და სამოქალაქო ომი რომში /
_c კახა სურგულაძე ; მეცნ. ხელმძღვ. ლ. სანიკიძე
264 _aბათუმი;
_c2001
300 _a303 გვ :
_c30 სმ.
653 _aმსოფლიო ისტორია
653 _aციცერონი და სამოქალაქო ომი რომში
653 _aისტორია
653 _aდისერტაცია
700 _a სანიკიძე , ლ
_eმეცნიერ ხელმძღვანელი
_9476
942 _cBK
_2udc